000 00318nam a22001457a 4500
008 210527b ||||| |||| 00| 0 eng d
020 _a0091246711
041 _aeng
080 _a32
082 _a32
100 _a21
101 _aPOL
245 _aFoundations of Political Science
_cHarris,P.B
942 _2udc
_cBK
999 _c57752
_d57752